עשירי ישראל - Statistics

General Stats
  • This quiz has been taken 5 times
  • The average score is 4 of 10
Answer Stats
שווי במיליארדי דולרים שם % Correct
18.9 אייל עופר
100%
14.0 עידן עופר
100%
35.6 מרים אדלסון
60%
9.2 רומן אברמוביץ'
40%
6.3 משפחת ורטהיימר
40%
7.0 דמיטרי בוכמן
20%
7.0 איגור בוכמן
20%
6.8 יורי מילנר
20%
11.3 משה קנטור
0%
6.0 פרנק לואי
0%
No matching quizzes found
Score Distribution
Percent of People with Each Score
Percentile by Number Answered
Your Score History
You have not taken this quiz